राजनीति-विज्ञान:सिद्वान्त एवं अवधारणाएँ / (Record no. 4)
[ view plain ]
| 000 -LEADER | |
|---|---|
| fixed length control field | 00924cam a22002057a 4500 |
| 005 - DATE AND TIME OF LATEST TRANSACTION | |
| control field | 20080726135959.0 |
| 008 - FIXED-LENGTH DATA ELEMENTS--GENERAL INFORMATION | |
| fixed length control field | 080726t xxu||||| |||| 00| 0 hin d |
| 010 ## - LIBRARY OF CONGRESS CONTROL NUMBER | |
| LC control number | HIN-78455 |
| 020 ## - INTERNATIONAL STANDARD BOOK NUMBER | |
| Terms of availability | 120.00 |
| 035 ## - SYSTEM CONTROL NUMBER | |
| System control number | HN-50901 |
| 082 ## - DEWEY DECIMAL CLASSIFICATION NUMBER | |
| Classification number | 320 |
| 100 ## - MAIN ENTRY--PERSONAL NAME | |
| Personal name | चौधरी, बी.बी. |
| 245 ## - TITLE STATEMENT | |
| Title | राजनीति-विज्ञान:सिद्वान्त एवं अवधारणाएँ / |
| Statement of responsibility, etc | बी.बी.चौधरी |
| 250 ## - EDITION STATEMENT | |
| Edition statement | 28वां संस्क |
| 260 ## - PUBLICATION, DISTRIBUTION, ETC. (IMPRINT) | |
| Place of publication, distribution, etc | दिल्ली: |
| Name of publisher, distributor, etc | श्री महाबीर बुक डिपो, |
| Date of publication, distribution, etc | 2007 |
| 300 ## - PHYSICAL DESCRIPTION | |
| Extent | vi,88पृ. |
| Dimensions | 22सेमी(अजिल्द) |
| 650 ## - SUBJECT ADDED ENTRY--TOPICAL TERM | |
| Topical term or geographic name as entry element | राजनीति विज्ञान |
| 942 ## - ADDED ENTRY ELEMENTS (KOHA) | |
| Institution code [OBSOLETE] | dpl |
| Koha item type | Hindi Books |
| Source of classification or shelving scheme | Dewey Decimal Classification |
| Classification part | 320 |
| Call number suffix | चौधरी |
| Withdrawn status | Lost status | Damaged status | Not for loan | Home library | Current library | Date acquired | Cost, normal purchase price | Total Checkouts | Full call number | Barcode | Date last seen | Date checked out | Uniform Resource Identifier | Cost, replacement price | Price effective from | Koha item type |
|---|---|---|---|---|---|---|---|---|---|---|---|---|---|---|---|---|
| D.B.Act.Division | D.B.Act.Division | 26/07/2008 | 120.00 | 1 | 320 / चौधरी | HN-50901 | 15/09/2008 | 26/07/2008 | 4 | 120.00 | 15/09/2008 | Hindi Books |
